| 000 | 01561nam a2200241Ia 4500 | ||
|---|---|---|---|
| 999 |
_c55487 _d55487 |
||
| 001 | 22569 | ||
| 003 | GE_BSU | ||
| 005 | 20210517114854.0 | ||
| 008 | 181216s2006||||ge |||||||||||||| ||geo|| | ||
| 040 | _cGE_BSU | ||
| 041 | _ageo | ||
| 080 | _a63 ფ-98 | ||
| 100 |
_aფუტკარაძე, ნუგზარ _9249 |
||
| 245 |
_aმრავალწლოვანი ბალახების აგროტექნიკა აჭარის მთიანი ზონის პირობებში / _cნუგზარ ფუტკარაძე; სამეცნ. ხელძღვანელი ვ. კობეშავიძე; ი. ნ. ლომოურის სახ. მიწათმოქმედების სამეცნიერო კვლევითი ინსტიტუტი. |
||
| 264 |
_aბათუმი, _c2006. |
||
| 300 |
_a126 გვ. ; _b30 სმ. |
||
| 653 | _aაგროტექნოლოგია | ||
| 653 | _aმრავალწლოვანი ბალახების აგროტექნიკა აჭარის მთიანი ზონის პირობებში | ||
| 653 | _aდისერტაცია | ||
| 700 |
_aკობეშავიძე, ვ. _eსამეცნ. ხელძღვანელი _910616 |
||
| 710 |
_aი. ნ. ლომოურის სახ. მიწათმოქმედების სამეცნიერო კვლევითი ინსტიტუტი _910617 |
||
| 942 |
_cBK _2udc |
||